| 000 | 00432nam a2200193Ia 4500 | ||
|---|---|---|---|
| 008 | 210210b1931 xxu||||| |||| 00| 0 eng d | ||
| 041 | _aeng | ||
| 082 | _a534/123 | ||
| 100 | _aWOOD (Alexander) | ||
| 245 | _aSound waves and their uses | ||
| 260 |
_aLondon _bBlackie & Son Ltd. _c1931 |
||
| 300 | _a152 | ||
| 650 | _awaves | ||
| 650 | _auses | ||
| 650 | _atheir | ||
| 650 | _aSound | ||
| 690 | _aPhysics | ||
| 906 | _a008611 | ||
| 999 |
_c126573 _d126573 |
||